Statistics for 100 Biggest Cities in Spain

Click here to take the quiz!

General Stats

  • This quiz has been taken 2,079 times
    (2,065 since last reset)
  • The average score is 46 of 100

Answer Stats

RankPopulationCity% Correct
21,622,000Barcelona
100%
13,256,000Madrid
100%
3814,000Valencia
98%
4703,000Seville
95%
10355,000Bilbao
93%
9674,000Vélez-Málaga
92%
6568,000Málaga
91%
5674,000Zaragoza
90%
8401,000Palma
85%
20234,000Granada
84%
7437,000Murcia
84%
11335,000Alicante
82%
12328,000Córdoba
81%
13318,000Valladolid
79%
14297,000Vigo
78%
9382,000Las Palmas de Gran Canaria
78%
35185,000Donostia / San Sebastián
77%
17246,000A Coruña
76%
8482,000Toledo
75%
31198,000Pamplona
74%
51127,000Cadiz
74%
36183,000Santander
72%
9476,000San Sebastián de los Reyes
72%
15278,000Gijón
69%
22224,000Oviedo
68%
6896,000Girona
66%
50134,000León
66%
46148,000Salamanca
66%
33189,000Almería
64%
6995,000Santiago de Compostela
63%
47140,000Tarragona
63%
44149,000Huelva
62%
19236,000Gasteiz / Vitoria
59%
21230,000Elche
59%
27208,000Jerez de la Frontera
58%
38179,000Burgos
57%
45148,000Badajoz
56%
56117,000Jaén
55%
23222,000Santa Cruz de Tenerife
53%
41167,000Getafe
52%
39170,000Albacete
51%
48136,000Lleida
50%
37180,000Castelló de la Plana
49%
7093,000Cáceres
49%
25212,000Cartagena
48%
16257,000L'Hospitalet de Llobregat
48%
49135,000Marbella
48%
6697,000Lugo
48%
42152,000Logroño
46%
9774,000Ciudad Real
43%
8083,000Guadalajara
42%
24220,000Badalona
42%
8979,000Ceuta
41%
8582,000Pontevedra
40%
8283,000Palencia
38%
9973,000Melilla
38%
28206,000Sabadell
37%
59108,000Ourense
37%
34186,000Leganés
35%
30205,000Alcalá de Henares
34%
61108,000Reus
32%
40168,000Alcorcón
32%
29206,000Móstoles
30%
57116,000Algeciras
30%
26211,000Terrassa
28%
52123,000Dos Hermanas
28%
32198,000Fuenlabrada
28%
53122,000Mataró
28%
7192,000Lorca
25%
9574,000Ferrol
25%
60108,000Alcobendas
24%
58116,000Parla
22%
7884,000Avilés
22%
9377,000Manresa
22%
6598,000Barakaldo
21%
55118,000Torrejón de Ardoz
20%
7587,000Cornellà de Llobregat
20%
6796,000San Fernando
20%
63102,000Torrevieja
20%
7389,000Talavera de la Reina
19%
8681,000Getxo
19%
8780,000Gandia
19%
43151,000La Laguna
19%
7984,000El Ejido
18%
7290,000Coslada
17%
10073,000Rubí
16%
7686,000Las Rozas de Madrid
16%
7786,000Orihuela
15%
9179,000Torrent
15%
64100,000Telde
15%
8183,000Roquetas de Mar
14%
8879,000Sant Cugat del Vallès
14%
54120,000Santa Coloma de Gramenet
14%
9277,000Chiclana de la Frontera
13%
9874,000Mijas
13%
7488,000El Puerto de Santa María
13%
8382,000Sant Boi de Llobregat
12%
9079,000Arona
10%
18244,000Puente de Vallecas
10%
62105,000Moratalaz
7%

Score Distribution

Percentile by Number Answered

Percent of People with Each Score

Your Score History

You have not taken this quiz since the last reset